Aplikácia automatizačného systému Simatic na riadenie invertovaného kyvadla

Guardado en:
Detalles Bibliográficos
Autor principal: Meszároš, Marek (Autor)
Otros Autores: Juhás, Martin (Orientador)
Formato: Manuscrito Libro
Lenguaje:eslovaco
Publicado: 2016
Materias:
Acceso en línea:http://is.stuba.sk/zp/portal_zp.pl?podrobnosti=120537
Etiquetas: Agregar Etiqueta
Sin Etiquetas, Sea el primero en etiquetar este registro!

MARC

LEADER 00000ntm a22000003a 4500
001 stuzp59037
003 SK-STU
005 20160719155738.8
007 ta
008 150427s2015----xo-----f-mn---000-0-slo-d
040 |a STU  |b slo 
041 0 |a slo 
100 1 |a Meszároš, Marek  |u 020020  |k Z4  |4 aut  |U SjF Strojnícka fakulta  |T SjF Ústav automatizácie, merania a aplikovanej informatiky  |X 43739  |U J0020  |Y 802  |7 A000043739 
242 0 1 |a Application of Simatic automation system for controlling an inverted pendulum  |y eng 
245 1 0 |a Aplikácia automatizačného systému Simatic na riadenie invertovaného kyvadla 
260 |c 2016 
650 4 |a Invertované kyvadlo  |2 slo 
650 4 |a PLC  |2 slo 
650 4 |a Decentrálna periféria  |2 slo 
650 4 |a Decentralized peripherals  |2 eng 
650 4 |a Inverted pendulum  |2 eng 
650 4 |a PLC  |2 eng 
700 1 |a Juhás, Martin  |u 020020  |k Z1  |4 ths  |U SjF Strojnícka fakulta  |T SjF Ústav automatizácie, merania a aplikovanej informatiky  |X 2316  |U J0020  |Y 802  |7 A000002316 
856 4 |u http://is.stuba.sk/zp/portal_zp.pl?podrobnosti=120537 
996 |b 284J044028  |c J* 2318/DP  |l JJSK  |s A  |a 24  |w stuzp59037_0001 
SQL |a stuzp59037  |b DDP  |c SLO  |d Aplikácia automatizačného systému Simatic na riadenie invertovaného kyvadla  |e 43739  |f Meszároš, Marek  |g 020020  |h 2316  |i Juhás, Martin  |j 20160615  |k 51  |l 02  |m http://is.stuba.sk/zp/portal_zp.pl?podrobnosti=120537  |n I-AISP  |o 5.2.14. automatizácia